000 00801nam a22002537a 4500
005 20170123162319.0
010 _aA-521739
020 _c30.00
035 _aA-521739
037 _bCen Lib/Ret
040 _aDPL
_bUR
082 _a841
_bم ن چ
100 _aمنچندہ، راجندر
_9111779
245 _aشفق شبحر /
_c راجندر منچندہ
246 _aShafaq shabhar /
_bby Rajendra Manchanda
260 _aنیی دہلی
_bشعر ستان
_c1982
270 _bنیی دہلی
_aبی.٥٧، پنڈرا روڈ
_e110003
300 _a144p.
_c21cm(Hb)
650 _a ادب - اردو
_v
_9116149
650 _aاردو شاعری
_9462
650 _aLiterature -- Urdu
_9116150
650 _aUrdu poetry
_9116151
942 _2ddc
_cUR
_h841
_mم ن چ
999 _c106936
_d106936